000 00190 a2200097 4500
020 _a30026640
041 _aspa
100 _aDorice Bailer
245 _aEl zapatero y los duendes
942 _cK
999 _c30165
_d30163